000 00596nam a22002177a 4500
003 LK-CoMWRAF
005 20231006091954.0
008 231006b |||||||| |||| 00| 0 eng d
020 _a8171510175
040 _aLK-CoMWRAF
_dLK-CoMWRAF
_eLK-CoMWRAF
041 _aeng
082 _a297.124
_bKHA
100 _aKhan, Muhammad Muhsin
245 _aThe Translation of the meanings of Sahih Al-Bukhari :
_bArabic-English
260 _aLahore :
_bkazi Publication,
_c1986
300 _a535p
490 _aVolume 4
650 _aIslamic 2nd Sourse
650 _aProphert's Hadis
942 _cBK
999 _c3785
_d3785